000 00531 a2200145 4500
001 ART_34374
005 20260410161708.0
008 260409a
245 1 0 _aIncentivo a la capitalización de las empresas a través de una reducción de la tasa del impuesto a las ganancias cuando las utilidades no sean distribuidas
100 1 _aBraun, Miguel
700 1 _aDíaz Frers, Luciana
700 1 _aMarongiu, Federico
700 1 _aMcEwan, Héctor
773 0 _tRevista Impuestos
_g- Nº 21 (nov. 2005)
_wREV639
999 _c15823
_d15823